Cartilla básica de gestión del riesgo para patrimonio material e infraestructura cultural (Registro nro. 18145)

Detalles MARC
000 -CABECERA
Campo de control 00873nam a22002417a 4500
005 - FECHA Y HORA DE LA ULTIMA TRANSACCION
Campo de control 20180803170224.0
008 - ELEMENTOS DE LONGITUD FIJA—INFORMACION GENERAL
Campo de control 160218t2014 ck ado gr|||| 00| 0 spa d
020 ## - ISBN
ISBN 9789588827315
040 ## - FUENTE DE CATALOGACIÓN
Agencia catalogadora original CO-BoIAVH
Agencia transcriptora CO-BoIAVH
041 0# - IDIOMA
Código de idioma para texto/pista de sonido o título separado Español
044 ## - PAÍS DE PUBLICACIÓN
País de publicación Colombia
082 04 - NUMERO DE CLASIFICACION DECIMAL DEWEY
Número de clasificación 363.1
Número del ítem C32b
245 00 - MENCION DE TITULO
Título Cartilla básica de gestión del riesgo para patrimonio material e infraestructura cultural
250 ## - MENCION DE EDICION
Mención de edición Primera edición
260 ## - PUBLICACION, DISTRIBUCION, ETC. (PIE DE IMPRENTA)
Lugar de publicación, distribución, etc. [Bogotá?] :
Nombre del editor, distribuidor, etc. Ministerio de cultura,
Fecha de publicación, distribución, etc. 2014.
300 ## - DESCRIPCION FISICA
Extensión 96 páginas :
Otros detalles físicos ilustraciones, tablas y fotografías a color ;
Dimensiones 21 x 28 cm.
650 #6 - ASIENTO SECUNDARIO DE MATERIA - TERMINO TEMATICO
Término temático o nombre geográfico como elemento de entrada Prevención de desastres
9 (RLIN) 93133
650 #6 - ASIENTO SECUNDARIO DE MATERIA - TERMINO TEMATICO
Término temático o nombre geográfico como elemento de entrada Prevención de desastres
Subdivisión general Evaluación
9 (RLIN) 60999
650 #4 - ASIENTO SECUNDARIO DE MATERIA - TERMINO TEMATICO
Término temático o nombre geográfico como elemento de entrada Gestión del riesgo
9 (RLIN) 61000
650 #6 - ASIENTO SECUNDARIO DE MATERIA - TERMINO TEMATICO
Término temático o nombre geográfico como elemento de entrada Patrimonio cultural
Subdivisión general prevención de desastres
9 (RLIN) 61001
710 2# - ASIENTO SECUNDARIO - NOMBRE CORPORATIVO
Nombre corporativo o de jurisdicción como elemento de entrada Colombia
Unidad subordinada Ministerio de Cultura
9 (RLIN) 61002
942 ## - ELEMENTOS ADICIONALES (KOHA)
Sistema de clasificación Dewey Decimal Classification
Tipo de ítem Libro
Koha issues (borrowed), all copies 1
Existencias
Withdrawn status Lost status Sistema de Clasificación Damaged status No para préstamo Colección Inventariado Ubicación Permanente Ubicación actual Fecha de adquisición Fuente de Valor Valor Total Checkouts Número topográfico Inventario / Código de Barras Date last seen Date checked out Ejemplar Price effective from Forma de adquisición Tipo de material
    Dewey Decimal Classification     General Inventariado 2017 Bogotá Bogotá 18/02/2016 Instituto 39000.00 1 LB-363.1 C32b 039817 19/04/2016 14/04/2016 Ej. 1 18/02/2016   Libro